01010nam a2200289Ia 450000500170000000800410001702000180005804100080007608200160008410000270010024500910012725000220021826400290024030000490026933600270031833700330034533800280037849000240040650000440043053400240047465000650049865000560056370000380061994200130065704000350067099900150070520220317001854.0170410s2012 mx o g 000 0 spa  a9789702008958 aspa04aR 590bT19m1 aTaylor, Barbarad1933-10aMi gran libro de los animalescBarbara Taylor ; traducción Gerardo Hernández Clark aPrimera edición 1aMéxicobCastilloc2012 a61 páginasbfotografías en colorc28 cm. atextobtxt2rdacontent asin mediaciónbn2rdamedia avolumenbnc2rdacarrier aNiños en acción aIncluye glosario e índice analítico tMy big animal world142LEMBaAnimales salvajesvHábitos y conductaxEnciclopedias142LEMBaAnimalesvHábitos y conductaxEnciclopedias1 aHernández Clark, Gerardo978162 2ddccREF aCO-BoRNBPbspaerdacCO-BoRNBP c8367d8367